Elementary functions / (Record no. 182038)
[ view plain ]
| 000 -LEADER | |
|---|---|
| fixed length control field | 00955 a2200217 4500 |
| 003 - CONTROL NUMBER IDENTIFIER | |
| control field | Nust |
| 005 - DATE AND TIME OF LATEST TRANSACTION | |
| control field | 20221110133802.0 |
| 010 ## - LIBRARY OF CONGRESS CONTROL NUMBER | |
| LC control number | 76010242 |
| 020 ## - INTERNATIONAL STANDARD BOOK NUMBER | |
| International Standard Book Number | 0070013713 |
| 040 ## - CATALOGING SOURCE | |
| Transcribing agency | Nust |
| 082 00 - DEWEY DECIMAL CLASSIFICATION NUMBER | |
| Classification number | 512.1,ALL |
| 100 1# - MAIN ENTRY--PERSONAL NAME | |
| Personal name | Allendoerfer, Carl B. |
| 9 (RLIN) | 102523 |
| 245 10 - TITLE STATEMENT | |
| Title | Elementary functions / |
| Statement of responsibility, etc. | Carl B. Allendoerfer, Cletus O. Oakley, Donald R. Kerr, Jr. |
| 260 ## - PUBLICATION, DISTRIBUTION, ETC. | |
| Place of publication, distribution, etc. | New York : |
| Name of publisher, distributor, etc. | McGraw-Hill, |
| Date of publication, distribution, etc. | c1977. |
| 300 ## - PHYSICAL DESCRIPTION | |
| Extent | xii, 314 p. : |
| Other physical details | ill. ; |
| Dimensions | 25 cm. |
| 505 ## - FORMATTED CONTENTS NOTE | |
| Formatted contents note | Numbers (Page-1), Equations And Inequalities (Page-23), Functions (Page-41), Graphs (Page-60), Polynomial Functions (Page-108), Exponential Functions (Page-139), Inverse Functions (Page-153), Logarithms (Page-166),Trigonometric Functions (Page-184), Application Of Trigonometry To Graphing (Page-219), Graphing In Space (Page-238). |
| 650 #0 - SUBJECT ADDED ENTRY--TOPICAL TERM | |
| Topical term or geographic name entry element | Functions. |
| 9 (RLIN) | 11020 |
| 700 1# - ADDED ENTRY--PERSONAL NAME | |
| Personal name | Kerr, Donald R., |
| 9 (RLIN) | 102524 |
| 700 1# - ADDED ENTRY--PERSONAL NAME | |
| Personal name | Oakley, Cletus O. |
| Dates associated with a name | 1899- |
| 9 (RLIN) | 102525 |
| 942 ## - ADDED ENTRY ELEMENTS (KOHA) | |
| Source of classification or shelving scheme | |
| Koha item type | Book |
| Call number prefix | 512.1,ALL |
| Withdrawn status | Lost status | Source of classification or shelving scheme | Damaged status | Not for loan | Permanent Location | Current Location | Shelving location | Date acquired | Full call number | Barcode | Date last seen | Price effective from | Koha item type | Public note |
|---|---|---|---|---|---|---|---|---|---|---|---|---|---|---|
| Military College of Signals (MCS) | Military College of Signals (MCS) | General Stacks | 12/12/2016 | 512.1,ALL | MCS7483 | 12/08/2016 | 12/12/2016 | Book | AAlmirah No.10, Shelf No.6 |
